000
00206nam a22000857a 4500
008
170207b xxu||||| |||| 00| 0 eng d
100
_9
2791
_a
CBSE
245
_a
Affiliaon Bye Laws
260
_a
New Delhi
_b
CBSE
_c
2014
999
_c
5989
_d
5989